Vplyv globálnej hospodárskej krízy na cestovný ruch Slovenska

Slovensko v čase hospodárskej a finančnej krízy - analýza. Dopad krízy na príjazdový a výjazdový cestovný ruch. Domáci cestovný ruch - prispelo by mu viac cielených investícií do prezentácie a propagácie krajiny. Pozitíva krízy.

Uložené v:
Podrobná bibliografia
Hlavný autor: Plesník, Pavol, 1956-
Médium: Kapitola
Jazyk:Slovak
Predmet:
Tagy: Pridať tag
Žiadne tagy, Buďte prvý, kto otaguje tento záznam!

MARC

LEADER 00000naa$a2200000$$$4500
001 0104099
005 20240502072134.4
041 0 |a slo 
044 |a SK 
245 1 0 |a Vplyv globálnej hospodárskej krízy na cestovný ruch Slovenska  |c Pavol Plesník 
520 |a Slovensko v čase hospodárskej a finančnej krízy - analýza. Dopad krízy na príjazdový a výjazdový cestovný ruch. Domáci cestovný ruch - prispelo by mu viac cielených investícií do prezentácie a propagácie krajiny. Pozitíva krízy. 
610 2 0 |a kríza 
610 2 0 |a Slovensko 
610 2 0 |a ruch cestovný 
100 1 |a Plesník, Pavol, 1956-